00434nam a2200157 a 4500001000400000003000500004005001700009008004100026020001500067040002000082100001900102245007300121260004000194300001100234505003100245320CDMR20240109135549.0130130s1975||||||||||||||||||||||||||||d a8440095996 aCDMRbcatcCDMR1 aMaduell, Alvar10aPastillas peninsulares con apellido y glosa (1974) c/ Alvar Maduell aBarcelona : bO.G. Favencia, c1976 a179 p. aEditorials de Mundo Diario